<?xml version="1.0" encoding="UTF-8"?>
<record
    xmlns:xsi="http://www.w3.org/2001/XMLSchema-instance"
    xsi:schemaLocation="http://www.loc.gov/MARC21/slim http://www.loc.gov/standards/marcxml/schema/MARC21slim.xsd"
    xmlns="http://www.loc.gov/MARC21/slim">

  <leader>00854nam a22002297a 4500</leader>
  <controlfield tag="001">83119</controlfield>
  <controlfield tag="003">BD-RjUL</controlfield>
  <controlfield tag="005">20240220114508.0</controlfield>
  <controlfield tag="008">240220s2023    bg ||||| |||| 00| 0 eng d</controlfield>
  <datafield tag="020" ind1=" " ind2=" ">
    <subfield code="a">9847013103153</subfield>
  </datafield>
  <datafield tag="035" ind1=" " ind2=" ">
    <subfield code="a">(BD-RjUL)83119</subfield>
  </datafield>
  <datafield tag="040" ind1=" " ind2=" ">
    <subfield code="a">BD-RjUL</subfield>
    <subfield code="b">eng</subfield>
    <subfield code="c">BD-RjUL</subfield>
  </datafield>
  <datafield tag="041" ind1=" " ind2=" ">
    <subfield code="a">ben</subfield>
  </datafield>
  <datafield tag="082" ind1=" " ind2=" ">
    <subfield code="2">23</subfield>
    <subfield code="a">181.07 </subfield>
    <subfield code="b">KHM 2023</subfield>
  </datafield>
  <datafield tag="100" ind1=" " ind2=" ">
    <subfield code="a">&#x996;&#x9B2;&#x9BF;&#x9B2;, &#x9AE;&#x9CB;&#x983; &#x987;&#x9AC;&#x9CD;&#x9B0;&#x9BE;&#x9B9;&#x9C0;&#x9AE; </subfield>
    <subfield code="9">11825</subfield>
  </datafield>
  <datafield tag="245" ind1=" " ind2=" ">
    <subfield code="a">&#x9AE;&#x9C1;&#x9B8;&#x9B2;&#x9BF;&#x9AE; &#x9A6;&#x9B0;&#x9CD;&#x9B6;&#x9A8; &#x993; &#x9A6;&#x9BE;&#x9B0;&#x9CD;&#x9B6;&#x9A8;&#x9BF;&#x995; /</subfield>
    <subfield code="c">&#x9AE;&#x9CB;&#x983; &#x987;&#x9AC;&#x9CD;&#x9B0;&#x9BE;&#x9B9;&#x9C0;&#x9AE; &#x996;&#x9B2;&#x9BF;&#x9B2; </subfield>
  </datafield>
  <datafield tag="260" ind1=" " ind2=" ">
    <subfield code="a">&#x9A2;&#x9BE;&#x995;&#x9BE; :</subfield>
    <subfield code="b">&#x9AE;&#x9C7;&#x9B0;&#x9BF;&#x99F; &#x9AB;&#x9C7;&#x9AF;&#x9BC;&#x9BE;&#x9B0; &#x9AA;&#x9CD;&#x9B0;&#x995;&#x9BE;&#x9B6;&#x9A8;,</subfield>
    <subfield code="c">&#x9E8;&#x9E6;&#x9E7;&#x9E9;, [&#x9AE;&#x9C1;&#x9A6;&#x9CD;&#x9B0;&#x9A3; &#x9E8;&#x9E6;&#x9E8;&#x9E9;]</subfield>
  </datafield>
  <datafield tag="300" ind1=" " ind2=" ">
    <subfield code="a">&#x9EA;&#x9E9;&#x9E8; &#x9AA;&#x9C3;.;</subfield>
    <subfield code="c">&#x9E8;&#x9E8; &#x9B8;&#x9C7;&#x9AE;&#x9BF;.</subfield>
  </datafield>
  <datafield tag="650" ind1=" " ind2=" ">
    <subfield code="a">&#x987;&#x9B8;&#x9B2;&#x9BE;&#x9AE;&#x9BF;&#x995; &#x9A6;&#x9B0;&#x9CD;&#x9B6;&#x9A8; </subfield>
    <subfield code="9">11826</subfield>
  </datafield>
  <datafield tag="650" ind1=" " ind2=" ">
    <subfield code="a">Islamic philosophy</subfield>
  </datafield>
  <datafield tag="942" ind1=" " ind2=" ">
    <subfield code="2">ddc</subfield>
    <subfield code="c">BK</subfield>
  </datafield>
  <datafield tag="999" ind1=" " ind2=" ">
    <subfield code="c">83119</subfield>
    <subfield code="d">83119</subfield>
  </datafield>
  <datafield tag="952" ind1=" " ind2=" ">
    <subfield code="0">0</subfield>
    <subfield code="1">0</subfield>
    <subfield code="2">ddc</subfield>
    <subfield code="4">0</subfield>
    <subfield code="7">1</subfield>
    <subfield code="8">NFIC</subfield>
    <subfield code="a">RUCL</subfield>
    <subfield code="b">RUCL</subfield>
    <subfield code="c">Reading</subfield>
    <subfield code="d">2024-01-24</subfield>
    <subfield code="e">Rajshahi : Biddasagar</subfield>
    <subfield code="g">431.25</subfield>
    <subfield code="l">0</subfield>
    <subfield code="o">B 181.07  KHM 2023</subfield>
    <subfield code="r">2024-02-20 00:00:00</subfield>
    <subfield code="t">C-1</subfield>
    <subfield code="w">2024-02-20</subfield>
    <subfield code="y">BK</subfield>
  </datafield>
  <datafield tag="952" ind1=" " ind2=" ">
    <subfield code="0">0</subfield>
    <subfield code="1">0</subfield>
    <subfield code="2">ddc</subfield>
    <subfield code="4">0</subfield>
    <subfield code="7">0</subfield>
    <subfield code="8">NFIC</subfield>
    <subfield code="a">RUCL</subfield>
    <subfield code="b">RUCL</subfield>
    <subfield code="c">GEN</subfield>
    <subfield code="d">2024-01-24</subfield>
    <subfield code="e">Rajshahi : Biddasagar</subfield>
    <subfield code="g">431.25</subfield>
    <subfield code="l">11</subfield>
    <subfield code="o">B 181.07  KHM 2023</subfield>
    <subfield code="r">2026-03-31 00:00:00</subfield>
    <subfield code="s">2026-02-26</subfield>
    <subfield code="t">C-2</subfield>
    <subfield code="w">2024-02-20</subfield>
    <subfield code="y">BK</subfield>
  </datafield>
  <datafield tag="952" ind1=" " ind2=" ">
    <subfield code="0">0</subfield>
    <subfield code="1">0</subfield>
    <subfield code="2">ddc</subfield>
    <subfield code="4">0</subfield>
    <subfield code="7">0</subfield>
    <subfield code="8">NFIC</subfield>
    <subfield code="a">RUCL</subfield>
    <subfield code="b">RUCL</subfield>
    <subfield code="c">GEN</subfield>
    <subfield code="d">2024-01-24</subfield>
    <subfield code="e">Rajshahi : Biddasagar</subfield>
    <subfield code="g">431.25</subfield>
    <subfield code="l">3</subfield>
    <subfield code="o">B 181.07  KHM 2023</subfield>
    <subfield code="r">2025-08-12 00:00:00</subfield>
    <subfield code="s">2025-07-30</subfield>
    <subfield code="t">C-3</subfield>
    <subfield code="w">2024-02-20</subfield>
    <subfield code="y">BK</subfield>
  </datafield>
</record>
